[Event "Olympiad Women 2024"]
[Site "Budapest HUN"]
[Date "2024.09.22"]
[Round "11.67"]
[Board "4"]
[White "Aini Munthazim"]
[Black "Belgarde, Roudena"]
[Result "0-1"]
[WhiteElo "1536"]
[BlackElo "1540"]
[PlyCount "48"]
[EventDate "2024.09.11"]
[WhiteTeam "Maldives"]
[BlackTeam "Haiti"]
[WhiteTeamCountry "MDV"]
[BlackTeamCountry "HAI"]

1. e4 e5 2. Nf3 Nc6 3. Bc4 Bc5 4. c3 Nf6 5. d3 d5 6. exd5 Nxd5 7. Qb3 Nce7 8. Qb5+ c6 9. Qxc5 O-O 10. Nxe5 ({RR} 10. O-O Ng6 11. Bxd5 Qxd5 12. Qxd5 cxd5 13. Re1 Re8 14. Na3 Bf5 15. Nb5 Re7 16. d4 exd4 17. Rxe7 Nxe7 18. Nbxd4 Re8 19. Bg5 f6 20. Be3 b6 21. Rd1 Kf7 22. Nb5 Nc6 23. Nd6+ {1-0 Alfano,E (1477)-Wang,J FRA-ch U12 Girls 2022 (2)}) 10... Qc7 $146 ({RR} 10... Nf5 11. O-O Be6 12. Nd2 Qf6 13. Nef3 a6 14. Ne4 Qg6 15. Ne5 Qh5 16. g4 Qh4 17. gxf5 Bxf5 18. Ng3 Qf6 19. d4 Rfe8 20. Bxd5 cxd5 21. Qxd5 Rab8 22. Bg5 Qxg5 23. Qxf7+ Kh8 24. Qxe8+ Rxe8 25. Nf7+ {1-0 Sorli,M (1860)-Miko,M SLO-chT Slovenia 1994}) 11. d4 b6 12. Qa3 c5 13. Bxd5 Nxd5 14. Qb3 Bb7 15. O-O Rfe8 16. Nd2 Nf4 17. Ndf3 Ne2+ 18. Kh1 Nxc1 19. Raxc1 Rad8 20. dxc5 Rxe5 21. Nxe5 Qxe5 22. Rcd1 Re8 23. cxb6 axb6 24. Rfe1 Qxe1+ 0-1

[Event "Olympiad Women 2024"]
[Site "Budapest HUN"]
[Date "2024.09.22"]
[Round "11.68"]
[Board "1"]
[White "Wahid, Chelsea"]
[Black "Lieketseng, Ngatane"]
[Result "1/2-1/2"]
[WhiteElo "1482"]
[BlackElo "1651"]
[PlyCount "80"]
[EventDate "2024.09.11"]
[WhiteTeam "Saint Lucia"]
[BlackTeam "Lesotho"]
[BlackTeamCountry "LES"]

1. d4 d5 2. c4 e6 3. Nc3 Nf6 4. Bg5 Be7 5. Nf3 O-O 6. e3 Nbd7 7. cxd5 exd5 8. Bd3 c6 9. O-O Nh5 10. Bxe7 Qxe7 11. Re1 ({RR} 11. Qb1 Nhf6 12. b4 a6 13. a4 Re8 14. Nd2 Qd6 15. Re1 Nf8 16. b5 axb5 17. axb5 Rxa1 18. Qxa1 Ne6 19. Nf3 c5 20. dxc5 Nxc5 21. Bf1 Bg4 22. Nd4 Ne6 23. h3 Nxd4 24. exd4 Rxe1 25. Qxe1 Be6 {1-0 Cheparinov,I (2672)-Vitiugov,N (2737) Gibraltar Masters playoff 12th rapid 2014 (2.1)}) 11... f5 ({RR} 11... Ndf6 12. Ne5 g6 13. Qc2 Ng7 14. f3 Be6 15. Bf1 Rad8 16. Qf2 Rfe8 17. a3 Bc8 18. b4 Ne6 19. Rad1 Nd7 20. e4 Nb6 21. exd5 Nxd5 22. Nxd5 cxd5 23. f4 f6 24. Nd3 Qf7 25. g4 Ng7 26. h3 {1-0 Fernandez de La Vara,A (2485)-Diaz Perez,M (2460) CUB-ch Santa Clara 2022 (1)}) 12. Qc2 Qf6 $146 ({RR} 12... g6 13. Rab1 a5 14. a3 Nhf6 15. b4 axb4 16. axb4 b5 17. Nd2 Ne4 18. f3 Nxd2 19. Qxd2 Qf6 20. Bxb5 cxb5 21. Nxd5 Qd6 22. e4 fxe4 23. fxe4 Bb7 24. Nc3 Qc6 25. Rbc1 Nf6 26. e5 Ng4 27. Ne4 {0-1 Fonseca,A-Sousa,L Lisbon BNU op 1992 (3)}) 13. b4 a6 14. a4 Nb6 15. Ne5 g6 16. f4 Qd6 17. Reb1 Be6 18. Ne2 Rfc8 19. Qc5 Qd8 20. Nc1 Ng7 21. Nb3 Ne8 22. Qc2 Qe7 23. Nc5 Nd6 24. a5 Nbc4 25. Qe2 Nxe5 26. fxe5 Ne4 27. Bxe4 fxe4 28. Rf1 Rf8 29. Rxf8+ Rxf8 30. Rf1 Rxf1+ 31. Qxf1 Bc8 32. Qf6 Qxf6 33. exf6 Kf7 34. h3 Kxf6 35. g4 h5 36. gxh5 gxh5 37. Kg2 h4 38. Kh2 Ke7 39. Kg2 Kd6 40. Kh2 Kc7 1/2-1/2

[Event "Olympiad Women 2024"]
[Site "Budapest HUN"]
[Date "2024.09.22"]
[Round "11.68"]
[Board "4"]
[White "lintle molise"]
[Black "Richards, TrisAnn"]
[Result "1/2-1/2"]
[WhiteElo "1583"]
[BlackElo "1653"]
[PlyCount "99"]
[EventDate "2024.09.11"]
[WhiteTeam "Lesotho"]
[BlackTeam "Saint Lucia"]
[WhiteTeamCountry "LES"]

1. Nf3 d5 2. d4 Nf6 3. e3 Bf5 4. Bd3 Bxd3 5. Qxd3 e6 6. Nbd2 c5 ({RR} 6... Nbd7 7. e4 dxe4 8. Nxe4 Nxe4 9. Qxe4 c6 10. O-O Nf6 11. Qe2 Be7 12. Bg5 O-O 13. c3 Nd5 14. Bxe7 Qxe7 15. Rfe1 Rad8 16. Rad1 Rfe8 17. Ne5 Nf6 18. h3 Nd7 19. Nxd7 Rxd7 20. Rd2 Red8 21. Red1 {½-½ Alaz,A (2121)-Simantsev,M (2424) Marmaris Karya 3rd 2018 (3.5)}) 7. dxc5 ({RR} 7. c3 Nc6 8. O-O Bd6 9. Rd1 O-O 10. dxc5 Bxc5 11. b4 Be7 12. Bb2 a6 13. a3 Qc7 14. c4 Rfd8 15. c5 e5 16. Qf5 d4 17. exd4 exd4 18. Ne4 Qd7 19. Qxd7 Rxd7 20. Nxf6+ Bxf6 21. Rd2 Ne5 {1-0 Antoniou,R (2027)-Anandh,V (2073) Titled Tue 16th Jul Late 2024 (3)}) 7... Bxc5 8. Qb5+ Nbd7 9. Qxb7 $146 ({RR} 9. O-O b6 10. Nb3 a6 11. Qe2 Bd6 12. Bd2 O-O 13. Rac1 b5 14. Rfd1 Nc5 15. Nxc5 Bxc5 16. h3 Re8 17. c3 Ra7 18. Be1 Qb8 19. Nd4 Qa8 20. Nf3 Qb8 21. Nd2 e5 22. Nf1 Rae7 23. Qc2 Bb6 {½-½ Hermann,A (1560)-Freerksen,U (1262) Niedersachsen-ch Seniors op 11th 2008 (3)}) 9... O-O 10. O-O Bb6 11. Qa6 Qc7 12. c3 Nc5 13. Qe2 Nce4 14. Nxe4 Nxe4 15. Nd2 Qe5 16. Nxe4 Qxe4 17. Rd1 Rac8 18. Qd3 Qh4 19. Bd2 Rc4 20. f3 Qh5 21. Be1 Bc7 22. Bg3 Bxg3 23. hxg3 Qe5 24. Kf2 Rb8 25. Rab1 f5 26. Rh1 g6 27. Rh4 Rbc8 28. Rxc4 Rxc4 29. Rh1 Qf6 30. Qd1 a5 31. Qb3 Qd8 32. Qb7 Qc7 33. Qxc7 Rxc7 34. Ke2 a4 35. Kd3 Kg7 36. Rh4 Ra7 37. Rb4 Kf6 38. c4 Ke5 39. f4+ Kd6 40. cxd5 Kc5 41. a3 Kxd5 42. Rb5+ Kc6 43. Rb4 h6 44. Rc4+ Kb5 45. Rb4+ Kc5 46. e4 Rd7+ 47. Ke3 Ra7 48. exf5 exf5 49. Kf3 h5 50. Ke3 1/2-1/2

[Event "Olympiad Women 2024"]
[Site "Budapest HUN"]
[Date "2024.09.22"]
[Round "11.69"]
[Board "1"]
[White "Asha huang Limboo"]
[Black "Strade, Arita"]
[Result "0-1"]
[WhiteElo "1420"]
[BlackElo "1946"]
[PlyCount "74"]
[EventDate "2024.09.11"]
[WhiteTeam "Bhutan"]
[BlackTeam "Guernsey"]
[WhiteTeamCountry "BTN"]

1. e4 d6 2. Nf3 e5 3. Nc3 Nf6 4. Bc4 Be7 5. d3 c6 6. a3 ({RR} 6. a4 O-O 7. O-O a5 8. h3 Na6 9. Re1 Nb4 10. Bb3 Nd7 11. Be3 Re8 12. Ne2 Na6 13. c3 Nac5 14. Ba2 Nf8 15. Ng3 Be6 16. d4 Bxa2 17. Rxa2 Ncd7 18. Nf5 Ng6 19. Qb3 Qc7 20. Raa1 Bf8 {0-1 Shimanov,A (2581)-Jobava,B (2578) Titled Tuesday intern op 13th Sep Late blitz 2022 (10)}) 6... O-O 7. Be3 $146 ({RR} 7. O-O Nbd7 8. Be3 Nb6 9. Ba2 Bg4 10. h3 Bxf3 11. Qxf3 d5 12. d4 exd4 13. Bxd4 dxe4 14. Qe3 Nbd5 15. Qe1 Nxc3 16. Bxc3 Re8 17. Rd1 Qb6 18. Rd2 Rad8 19. Re2 Bf8 20. Bb3 c5 21. Ba5 Qc6 {1-0 Koppatsch,J (1134)-Gnass,E (1377) Berlin-ch Seniors 30th 2014 (6)}) ({RR} 7. O-O b5 8. Ba2 Bb7 9. Ng5 h6 10. Nh3 a5 11. f4 b4 12. Ne2 Nbd7 13. Ng3 d5 14. fxe5 Nxe5 15. d4 Ng6 16. e5 Ne4 17. Nxe4 dxe4 18. c3 c5 19. Qg4 Bd5 20. e6 Bxa2 21. Rxa2 Qd5 {1-0 Ashraf,A (2391)-Hernandez Guerrero,G (2506) Titled Tue 9th Jul Early 2024 (5)}) ({RR} 7. O-O Bg4 8. h3 Bxf3 9. Qxf3 Nbd7 10. Be3 Nb6 11. Bb3 Qc7 12. Rfe1 Rad8 13. Rab1 Nbd7 14. Kh1 Nc5 15. Ba2 Ne6 16. Ne2 d5 17. exd5 cxd5 18. c3 b6 19. Ng3 Rfe8 20. Nf5 Bf8 21. g4 e4 {½-½ Keller,G-Didzuhn,W (1982) GER-ch Seniors 18th 2006 (2)}) 7... d5 8. Bb3 d4 9. Nxe5 dxe3 10. fxe3 Qc7 11. d4 Nbd7 12. Nd3 Nb6 13. Ne5 Be6 14. Bxe6 fxe6 15. Qe2 Rad8 16. O-O-O c5 17. g4 cxd4 18. exd4 a6 19. g5 Nfd7 20. g6 Nxe5 21. gxh7+ Kh8 22. dxe5 Rxd1+ 23. Kxd1 Qxe5 24. Rg1 Qd4+ 25. Kc1 Qxg1+ 26. Nd1 Rd8 27. c3 Bg5+ 28. Kc2 Rd2+ 29. Qxd2 Bxd2 30. Kxd2 Nc4+ 31. Kc2 Ne3+ 32. Nxe3 Qxe3 33. b4 Qxe4+ 34. Kb3 b5 35. a4 Qc4+ 36. Kb2 bxa4 37. Ka3 Qb3# 0-1

[Event "Olympiad Women 2024"]
[Site "Budapest HUN"]
[Date "2024.09.22"]
[Round "11.69"]
[Board "3"]
[White "Yeshey lhaden"]
[Black "Denning, Julie L"]
[Result "0-1"]
[WhiteElo "1514"]
[BlackElo "1741"]
[PlyCount "56"]
[EventDate "2024.09.11"]
[WhiteTeam "Bhutan"]
[BlackTeam "Guernsey"]
[WhiteTeamCountry "BTN"]

1. d4 Nf6 2. Bf4 g6 3. Nc3 Bg7 4. Qd2 O-O 5. Bh6 d6 6. Bxg7 Kxg7 7. O-O-O Nbd7 ({RR} 7... c6 8. f3 Qc7 9. g4 e5 10. h4 Be6 11. h5 b5 12. hxg6 fxg6 13. Qh6+ Kg8 14. dxe5 dxe5 15. Nh3 a5 16. Ng5 Qe7 17. Nxe6 Qxe6 18. Ne4 Nbd7 19. g5 Rf7 20. Nxf6+ Nxf6 21. gxf6 Qxf6 22. Bh3 {1-0 Agudelo Zapata,Y (1817)-Chiquillo Agudelo,S (1686) 17th American Continental 2024 (9.142)}) 8. e4 e5 9. Nf3 Re8 10. Ng5 $146 ({RR} 10. dxe5 Nxe5 11. h3 a6 12. Be2 b5 13. Qf4 Qe7 14. g4 Nxf3 15. Bxf3 Bb7 16. g5 Nd7 17. h4 Qe5 18. Qg4 Nc5 19. h5 b4 20. Nd5 Na4 21. hxg6 Qxb2+ 22. Kd2 hxg6 23. Nf6 Rh8 24. Rxh8 Rxh8 {0-1 Clarke,B (1690)-Sharma,V (1719) Canadian op U1800 2017 (6.48)}) 10... exd4 11. Qxd4 Ne5 12. f4 Nc6 13. Qf2 h6 14. e5 Ng4 15. Qg3 hxg5 16. h4 gxf4 17. Qxf4 Ncxe5 18. Ne4 Bf5 19. h5 Bxe4 20. Qxe4 Nf2 21. h6+ Kh7 22. Qf4 Nxh1 23. g4 Rf8 24. g5 Nf2 25. Rd2 Nfg4 26. Bh3 Qd7 27. Qf1 Qf5 28. Qxf5 gxf5 0-1

[Event "Olympiad Women 2024"]
[Site "Budapest HUN"]
[Date "2024.09.22"]
[Round "11.70"]
[Board "3"]
[White "Kponsou, Afiwa"]
[Black "Mehak Gul"]
[Result "0-1"]
[WhiteElo "1453"]
[BlackElo "1709"]
[PlyCount "94"]
[EventDate "2024.09.11"]
[WhiteTeam "Togo"]
[BlackTeam "Pakistan"]
[WhiteTeamCountry "TOG"]
[BlackTeamCountry "PAK"]

1. Nf3 d5 2. g3 Nf6 3. Bg2 Bf5 4. d3 e6 5. O-O h6 6. a4 $146 ({RR} 6. Nfd2 Nbd7 7. Nc3 c6 8. e4 Bg4 9. Ne2 Bc5 10. Qe1 O-O 11. h3 Bh5 12. Nb3 Bb6 13. Nf4 Qc7 14. Be3 dxe4 15. dxe4 e5 16. Nxh5 Nxh5 17. Nd2 Nhf6 18. Nc4 Bxe3 19. Nxe3 Nc5 20. Nf5 Rfd8 {0-1 Iliesco,J-Rossetto,H La Plata Jockey Club 1944 (6)}) ({RR} 6. Qe1 Be7 7. Nc3 O-O 8. e4 Bh7 9. Ne5 c6 10. f4 Nbd7 11. Nxd7 Nxd7 12. Kh1 Re8 13. Bd2 Qb6 14. b3 dxe4 15. dxe4 Rad8 16. Bf3 Qc7 17. Nd1 Bc5 18. a4 Bd4 19. Ra2 b5 20. c3 Bb6 {0-1 Movsziszian,K (2570)-Jovanic,O (2541) Porto San Giorgio op-A 21st 2009 (5)}) ({RR} 6. c3 Nbd7 7. Nh4 Bh7 8. f4 c6 9. h3 Be7 10. Nf3 Qc7 11. Qb3 Bd6 12. c4 dxc4 13. Qxc4 Nd5 14. Qb3 Nc5 15. Qd1 Qb6 16. Kh2 Nd7 17. Nc3 Ne3 18. Bxe3 Qxe3 19. Qc1 Qb6 20. Na4 Qc7 {1-0 Peschke,A (1952)-Ruehr,W (2009) Hamburg-chT Landesliga 1314 2013 (9.8)}) ({RR} 6. Nfd2 c6 7. e4 dxe4 8. dxe4 Bh7 9. Nc3 Nbd7 10. Qe2 Be7 11. Nb3 O-O 12. Be3 Qc7 13. f4 Bb4 14. Bd2 a5 15. a3 Be7 16. Kh1 Rfd8 17. Rae1 Nc5 18. Nxc5 Bxc5 19. Be3 Bxe3 20. Qxe3 Rd7 {1-0 Plater,K-Porebski,S POL-ch20 Glucholazy 1963 (7)}) ({RR} 6. Nfd2 c6 7. e4 Bg6 8. Nc3 Nbd7 9. Kh1 h5 10. h3 Qc7 11. Nb3 h4 12. g4 O-O-O 13. f4 dxe4 14. dxe4 Bh7 15. Qe1 Nc5 16. g5 Nfd7 17. Qxh4 Bd6 18. Qg3 Bg6 19. Be3 Bh5 20. Nd2 Na6 {½-½ Hunter,D-Aitken,J Scotland CA-76 Championship 1969 (6)}) 6... Bd6 7. Nbd2 c5 8. Re1 Bh7 9. e4 dxe4 10. dxe4 Bc7 11. e5 Nd5 12. c3 Nc6 13. Nf1 O-O 14. b3 Nxc3 15. Qxd8 Rfxd8 16. Ba3 b6 17. N3d2 Nd5 18. Nc4 Nd4 19. Nfe3 Nxb3 20. Rad1 Nxe3 21. Rxd8+ Rxd8 22. Rxe3 Nd4 23. Be4 Bxe4 24. Rxe4 Nf3+ 25. Kg2 Nd2 26. Nxd2 Rxd2 27. Bc1 Rd5 28. f4 a6 29. Kf2 b5 30. axb5 axb5 31. Ke2 Ba5 32. Re3 b4 33. Rd3 Kf8 34. Kd2 Ke7 35. Kc2 c4 36. Rxd5 exd5 37. Be3 Ke6 38. Bd4 g5 39. fxg5 hxg5 40. h4 gxh4 41. gxh4 Kf5 42. Be3 Bd8 43. h5 Kxe5 44. h6 Bf6 45. Bc5 b3+ 46. Kb1 Kf5 47. Bf8 Kg6 0-1

[Event "Olympiad Women 2024"]
[Site "Budapest HUN"]
[Date "2024.09.22"]
[Round "11.71"]
[Board "1"]
[White "Sele, Timea"]
[Black "Spinola, Divania"]
[Result "1-0"]
[WhiteElo "1699"]
[BlackElo "1583"]
[PlyCount "51"]
[EventDate "2024.09.11"]
[WhiteTeam "Liechtenstein"]
[BlackTeam "Cape Verde"]
[WhiteTeamCountry "LIE"]

1. d4 d5 2. c4 e6 3. Nc3 Nf6 4. cxd5 exd5 5. Bg5 Be7 6. e3 h6 7. Bh4 O-O 8. Bd3 a6 ({RR} 8... Nbd7 9. Nge2 b6 10. O-O c5 11. Rc1 Bb7 12. Bb1 c4 13. f3 Re8 14. Bf2 a6 15. Ng3 Bd6 16. Re1 b5 17. a3 Qb6 18. Nf5 Bc7 19. Qd2 a5 20. a4 b4 21. Nb5 Bb8 22. e4 dxe4 23. d5 {1-0 Sadler,M (2615)-Burmakin,V (2505) Oberwart op 1996 (8)}) 9. Nge2 Nc6 ({RR} 9... b6 10. f3 Bb7 11. Bf2 Nbd7 12. g4 c5 13. h4 cxd4 14. Nxd4 Nc5 15. Bb1 Re8 16. Qc2 g6 17. g5 Nh5 18. gxh6 Bf6 19. Nce2 Rc8 20. Qd2 Qe7 21. Kf1 Ne6 22. Nxe6 Qxe6 23. Rg1 Qe5 24. Nd4 {1-0 Kamenskaya,M (1820)-Vonti Sri Guruvarshini (1443) Swiss Queens Wed #28 2024 (2.192)}) 10. Rc1 Be6 $146 ({RR} 10... Qd7 11. O-O Rd8 12. f3 Ne8 13. Bxe7 Nxe7 14. e4 c6 15. e5 Nf5 16. Qd2 Qe7 17. Nd1 Nc7 18. f4 Nb5 19. Bb1 Qc7 20. Qd3 g6 21. a4 Nbxd4 22. Nf2 Nxe2+ 23. Qxe2 d4 24. Ne4 Ne3 25. Nf6+ {½-½ Horvath,M (1865)-Landry Vuorenpaa,S (1920) Olympiad Women-26 1984 (14)}) 11. O-O Bd6 12. f3 Re8 13. Bf2 Bd7 14. e4 dxe4 15. fxe4 Be7 16. e5 Nh5 17. Bb1 Bg5 18. Qd3 g6 19. Rcd1 Bf5 20. Ne4 Rb8 21. N2g3 Nf4 22. Qf3 Ne7 23. h4 Qc8 24. hxg5 hxg5 25. Nxf5 Qxf5 26. Nf6+ 1-0

[Event "Olympiad Women 2024"]
[Site "Budapest HUN"]
[Date "2024.09.22"]
[Round "11.74"]
[Board "1"]
[White "Shariff, Sasha Christina"]
[Black "Kovacova, Zuzana"]
[Result "0-1"]
[WhiteElo "1538"]
[BlackElo "2020"]
[PlyCount "68"]
[EventDate "2024.09.11"]
[WhiteTeam "Guyana"]
[BlackTeam "Bermuda"]
[WhiteTeamCountry "GUY"]
[BlackTeamCountry "BER"]

1. e4 e5 2. Nf3 Nc6 3. d4 exd4 4. Nxd4 g6 5. Nc3 Bg7 6. Be3 d6 7. Bb5 Bd7 8. O-O Nf6 9. f3 O-O 10. Qd2 Re8 11. Rfe1 Ne5 12. Qe2 $146 ({RR} 12. Bf1 a6 13. a4 Be6 14. Nxe6 fxe6 15. Rad1 Qd7 16. h3 Rad8 17. Qf2 Qf7 18. f4 Nc6 19. g4 Kh8 20. Bg2 Ng8 21. Rf1 Nge7 22. Kh1 Rf8 23. Qg3 Qe8 24. Rf2 Rf7 25. Rfd2 Rf8 26. Bf3 Qf7 {1-0 Nazarova,A (2137)-Al Argha,F (1436) FIN-ch (Women) 2018 (7)}) ({RR} 12. Bxd7 Qxd7 13. b3 d5 14. f4 Nc6 15. e5 Ng4 16. Rad1 Nxe3 17. Rxe3 Nxd4 18. Qxd4 c6 19. Ne4 Qe6 20. Nd6 Re7 21. Rf1 f6 22. Rfe1 fxe5 23. fxe5 Qxd6 24. exd6 Bxd4 25. dxe7 Bxe3+ 26. Rxe3 Kf7 {½-½ Toval,D (1759)-Strehse,N (1452) GER-chT U12 Magdeburg 2017 (6.1)}) 12... c6 13. Bd3 a6 14. Nb3 b5 15. Qf2 b4 16. Nb1 c5 17. N1d2 Be6 18. Be2 Qc7 19. f4 Neg4 20. Bxg4 Nxg4 21. Qg3 Nxe3 22. Qxe3 Bxb2 23. Rab1 Bc3 24. a3 a5 25. axb4 axb4 26. Re2 Ra2 27. Nf3 Bc4 28. Rf2 Bd5 29. e5 Bxf3 30. Qxf3 dxe5 31. fxe5 Rxe5 32. Rd1 Re1+ 33. Rxe1 Bxe1 34. Re2 Bc3 0-1

[Event "Olympiad Women 2024"]
[Site "Budapest HUN"]
[Date "2024.09.22"]
[Round "11.74"]
[Board "2"]
[White "Cancino, Shiela"]
[Black "Joshi, Aditi Narayan"]
[Result "0-1"]
[WhiteElo "1663"]
[BlackElo "1546"]
[PlyCount "100"]
[EventDate "2024.09.11"]
[WhiteTeam "Bermuda"]
[BlackTeam "Guyana"]
[WhiteTeamCountry "BER"]
[BlackTeamCountry "GUY"]

1. d4 Nf6 2. Nf3 d5 3. e3 c5 4. dxc5 Qa5+ 5. Nbd2 Qxc5 6. c4 ({RR} 6. a3 Qc7 7. c4 dxc4 8. Bxc4 Nc6 9. b4 Bg4 10. Bb2 e6 11. Rc1 a6 12. h3 Bh5 13. g4 Bg6 14. h4 h5 15. g5 Ng4 16. Nd4 Rd8 17. Bxa6 Nxe3 18. Qa4 Be7 19. Nxc6 bxc6 20. Qxc6+ Qxc6 {½-½ Lagarde,M (2648)-Mamedyarov,S (2770) Titled Tuesday intern op 22nd June blitz 2021 (6)}) 6... e6 7. a3 dxc4 ({RR} 7... Be7 8. b4 Qc7 9. Bb2 O-O 10. Be2 dxc4 11. Nxc4 Nbd7 12. O-O Nd5 13. Rc1 Bf6 14. Nd4 Qb8 15. Qb3 Ne5 16. Nd2 Bd7 17. Ne4 Be7 18. f4 Nc6 19. f5 Nxd4 20. Bxd4 Rd8 21. Qb2 f6 22. Bc4 {1-0 Asgharzadeh,M (1974)-Toncheva,N (2279) TCh-TUR Super League 2024 (6.29)}) 8. Bxc4 $146 ({RR} 8. Nxc4 Be7 9. b4 Qc7 10. Bb2 O-O 11. Rc1 Qd8 12. Bd3 Nbd7 13. Qc2 b6 14. e4 h6 15. Qe2 Bb7 16. e5 Nh5 17. g3 a5 18. O-O axb4 19. axb4 Bxb4 20. Rfd1 b5 21. Ne3 Qb6 22. Nh4 Bc5 {1-0 Kabanov,N (2484)-Garifullina,L (2053) Nezhmetdinov Memorial 40th 2018 (1)}) 8... b5 9. b4 Qb6 10. Ba2 Bb7 11. Bb2 Nbd7 12. O-O Bd6 13. Rc1 e5 14. Ng5 O-O 15. Bb1 Rac8 16. e4 h6 17. Ngf3 Rxc1 18. Bxc1 Rc8 19. Qb3 Ng4 20. h3 Ngf6 21. Nh4 Nf8 22. Nf5 Ne6 23. Qg3 Nh5 24. Qg4 Nf6 25. Qh4 Nf4 26. Kh2 Kf8 27. Qg3 N4h5 28. Qf3 Rc6 29. Rd1 Bc8 30. g4 Nf4 31. Nf1 Bxf5 32. gxf5 Rc3 33. Ne3 Qc7 34. Bb2 Rc6 35. Rg1 a5 36. Qg3 N4h5 37. Qg2 Ke8 38. Ba2 axb4 39. Nd5 Nxd5 40. Bxd5 Rc2 41. Ba1 Qa7 42. Qg4 Qxf2+ 43. Rg2 Qf4+ 44. Qxf4 Rxg2+ 45. Kxg2 Nxf4+ 46. Kg3 Nxd5 47. exd5 bxa3 48. Kf3 b4 49. Ke3 b3 50. Bc3 b2 0-1

[Event "Olympiad Women 2024"]
[Site "Budapest HUN"]
[Date "2024.09.22"]
[Round "11.74"]
[Board "3"]
[White "Clement, Ciel Desiree"]
[Black "Gontcharova, Olga"]
[Result "1-0"]
[WhiteElo "1460"]
[BlackElo "1567"]
[PlyCount "47"]
[EventDate "2024.09.11"]
[WhiteTeam "Guyana"]
[BlackTeam "Bermuda"]
[WhiteTeamCountry "GUY"]
[BlackTeamCountry "BER"]

1. e4 d6 2. Nf3 e5 3. d4 exd4 4. Nxd4 Nf6 5. Nc3 Nbd7 6. Bc4 ({RR} 6. Be2 Nc5 7. O-O Be7 8. Bf3 O-O 9. Bf4 c6 10. Qd2 a5 11. a4 Ne6 12. Be3 Nxd4 13. Bxd4 Ng4 14. Rad1 Be6 15. Qe2 Qc8 16. Nd5 Bd8 17. Nf4 {½-½ Gurevich,V (2425)-Rausis,I (2560) Cappelle op 09th 1993 (7)}) 6... Ne5 ({RR} 6... c5 7. Nf3 Be7 8. Ng5 O-O 9. Nxf7 Rxf7 10. Bxf7+ Kxf7 11. f3 Nb6 12. Qe2 Be6 13. Be3 Rc8 14. O-O-O Ke8 15. e5 Nfd5 16. Nxd5 Nxd5 17. exd6 Bxd6 18. Bxc5 Qg5+ 19. Kb1 Bxc5 20. Qxe6+ Ne7 21. Rhe1 {1-0 Mahajan,M (1504)-Nyasaka,A FISU World Uni Clas Women 2024 (5.12)}) 7. Bb3 g6 $146 ({RR} 7... Be7 8. f4 Ned7 9. O-O Nc5 10. e5 dxe5 11. Bxf7+ Kf8 12. fxe5 Kxf7 13. exf6 Bxf6 14. Qh5+ {1-0 Rodriguez Mellado,A (1760)-Haarkotter Martin,M (1430) ESP-ch 77th San Agustin 2012 (4)}) ({RR} 7... Bg4 8. f3 Bh5 9. Be3 a6 10. O-O Qd7 11. a3 Be7 12. Qd2 O-O 13. Nf5 Bg6 14. Nxe7+ Qxe7 15. Nd5 Nxd5 16. Bxd5 Nc6 17. c4 Rfe8 18. b4 Rab8 19. c5 Ne5 20. cxd6 {½-½ Adamik,J (1717)-Gyopos,I (1959) SVK-chT2B 1718 2017 (4.5)}) ({RR} 7... Be7 8. Bf4 O-O 9. Qd2 Ng6 10. O-O-O Nh5 11. Be3 c6 12. Rde1 a6 13. h3 Bd7 14. Nf5 d5 15. Nh6+ gxh6 16. Bxh6 Be6 17. Qd4 Bf6 18. e5 Bg5+ 19. Bxg5 Qxg5+ 20. Kb1 Qxg2 21. Rhg1 Qxh3 22. Rh1 {0-1 Renaudin,A (1420)-Peron Luhrs,V (1499) Ile et Vilaine-ch 2002 (1)}) 8. O-O Bg7 9. h3 O-O 10. f4 Ned7 11. f5 Re8 12. fxg6 hxg6 13. Bg5 Nc5 14. Qf3 Ncd7 15. Nd5 b6 16. Nxf6+ Bxf6 17. Nc6 Ne5 18. Nxe5 Rxe5 19. Bxf6 Qe8 20. Bxe5 dxe5 21. Bxf7+ Qxf7 22. Qxf7+ Kh8 23. Qf8+ Kh7 24. Rf7# 1-0

[Event "Olympiad Women 2024"]
[Site "Budapest HUN"]
[Date "2024.09.22"]
[Round "11.76"]
[Board "1"]
[White "Lima, Izidora Lourenco"]
[Black "Al Aisaee, Anat"]
[Result "0-1"]
[WhiteElo "1579"]
[BlackElo "1608"]
[PlyCount "75"]
[EventDate "2024.09.11"]
[WhiteTeam "Sao Tome and Principe"]
[BlackTeam "Oman"]
[WhiteTeamCountry "SAO"]
[BlackTeamCountry "OMN"]

1. e4 {ChessBase II} c5 2. Nf3 e6 3. Nc3 Nc6 4. d4 cxd4 5. Nxd4 Nf6 6. a3 Be7 7. Be2 O-O 8. O-O a6 9. Be3 Qc7 10. f4 d6 11. Qe1 ({RR} 11. Kh1) 11... Bd7 12. Qg3 ({RR} 12. Kh1 b5) ({RR} 12. Nb3 b5 13. Bf3 Rab8 14. Kh1 Rfc8 15. Rf2 b4 16. axb4 Nxb4 17. e5 dxe5 18. fxe5 Qxe5 19. Ba7 Qxe1+ 20. Rxe1 Nxc2 21. Rxc2 Rxb3 22. Ra1 Bb5 23. Rd2 Bb4 24. Bd4 Be7 25. Nxb5 axb5 26. h3 h6 {0-1 Sychev,K (2550)-Zubov,A (2598) Titled Tuesday intern op 23rd Nov blitz 2021 (11)}) 12... Nxd4 ({RR} 12... b5) ({RR} 12... Kh8 13. Rae1 Rad8 14. Kh1 Rfe8 15. Bd3 Bf8 16. Qh4 h6 17. Nf3 Be7 18. e5 Nh7 19. Qh5 f5 20. exf6 Nxf6 21. Qg6 Rf8 22. Nh4 d5 23. Qg3 Be8 24. Bf2 d4 25. Ne2 Qa5 26. Ng1 Qd5 27. Ngf3 {0-1 Elgersma,O (2329)-Van Foreest,M (2278) Groninger Combinatie Open 2024 (7.1)}) 13. Bxd4 Bc6 14. Bf3 ({RR} 14. Rae1) 14... Rfd8 $146 ({RR} 14... Rad8 15. Qf2 Nd7 16. Kh1 b5 17. Rfe1 ({RR} 17. Rae1) 17... e5 18. Nd5 Bxd5 19. exd5 Bf6 20. fxe5 Bxe5 21. Bxe5 Nxe5 22. Re3 Qc5 ({RR} 22... Rfe8) 23. Re2 Qxf2 24. Rxf2 Rc8 25. c3 Rfe8 ({RR} 25... Rc4) 26. Kg1 Rc5 27. Rd1 Kf8 28. Be2 Ke7 ({RR} 28... Nc4 29. Bxc4) 29. h3 {½-½ Druon,R-Derreumaux,P FRA-ch47 Rosny sous Bois 1972 (6)}) ({RR} 14... Rad8 15. Rad1 b5 16. Rf2 a5 17. Rfd2 b4 18. axb4 axb4 19. Na2 Qb7 20. e5 dxe5 21. fxe5 Ne4 22. Bxe4 Bxe4 23. Nc1 Rxd4 24. Rxd4 Bxc2 25. R4d2 Bxd1 26. Rxd1 g6 27. Ne2 Qe4 28. Nc1 Bh4 29. Qh3 {0-1 Sanz Calzada,B-Pogorelov,R (2485) Barcelona Sants op 01st 1999 (1)}) ({RR} 14... Ne8 15. Rae1 Rc8 16. Kh1 Bf6 17. e5 Be7 18. f5 exf5 19. Bxc6 Qxc6 20. Rxf5 dxe5 21. Bxe5 Bf6 22. Ne4 Bxe5 23. Rxe5 Nf6 24. Nxf6+ Qxf6 25. c3 Rfd8 26. Qe3 h6 27. h3 Rc6 28. Re7 Rb6 29. Qe2 {0-1 Jiang Barron,J (1701)-Guillemette,H (1865) Pere Noel Open 2022 (3.14)}) 15. Kh1 Rac8 16. Rae1 Kh8 17. Rf2 Bf8 18. Rfe2 Nd7 19. Bg4 Rb8 20. Nd1 Nc5 21. Nf2 d5 22. Bh3 Rbc8 23. exd5 Bxd5 24. c3 Qc6 25. f5 Re8 26. Qg5 e5 27. Bxc5 f6 28. Qh4 Bxc5 29. c4 Bxf2 30. Rxf2 Qxc4 31. Qxc4 Rxc4 32. Kg1 Rec8 33. Rd2 Bc6 34. g3 Kg8 35. Bf1 Re4 36. Rxe4 Bxe4 37. g4 Kf8 38. Bg2 0-1